000 00650nam a2200241Ia 4500
001 dia_3424
003 CHAP
005 20230331092321.0
008 220117s1999 xx 000 0 und d
010 _a173887
040 _cCHAP
082 _a641.1 B3
110 _aBanco Nacional del Comercio
_9154657
245 _aAlimentos frescos; guía de exportación sectorial /
_c Bancomext
260 _aMéxico :
_b Bancomext,
_c1999
300 _a192 p.
503 _aC/E
650 _a1.Aranceles
_9154658
901 _a641.1 B3
902 _aM
905 _a0000001999 MX X 0000000000SPA00
942 _cLIBRO
_2ddc
999 _c173887
_d173887